000 00783nam a2200229 a 4500
001 48182
003 BD-RjUL
005 20211209054456.0
008 160813s2004 bg ||||| |||| 00| 0 ben d
020 _a9848000402
_c: Tk.130.00
035 _a(BD-RjUL)48301
040 _aBD-RjUL
_bben
_cBD-RjUL
_dBD-RjUL
041 _aben
082 _223
_a891.444
_bSAA 2004
100 _aসারওয়ার, গোলাম
_9145745
245 1 0 _aঅমিয় গরল /
_cগোলাম সারওয়ার,
260 _aঢাকা :
_bপারিজাত প্রকাশনী,
_c২০০৪.
300 _a১৫২ পৃ. ;
_c২৫ সেমি.
650 _aবাংলা প্রবন্ধ
_9145746
650 _aBengali Essays
_9145747
942 _2ddc
_cBK
999 _c48182
_d48182